| 000 | 00781nam a22002417a 4500 | ||
|---|---|---|---|
| 005 | 20260523125241.0 | ||
| 008 | 260523b |||||||| |||| 00| 0 eng d | ||
| 020 |
_a9789360289522 _c1250.00 |
||
| 040 | _aMAIN | ||
| 041 | _aEnglish | ||
| 082 |
_a294.5921 _bRAN |
||
| 100 |
_aRana, J.M.S. (ed) _926889 |
||
| 245 |
_aHarmony Wisdom _b: Exploring the Parallels Between Modern Science And Vedas |
||
| 260 |
_aDehradun _bBishan Singh Mahindra Pal Singh _c2025 |
||
| 300 | _a96 | ||
| 650 |
_aUttarakhand Collection : Himalaya Collection _913 |
||
| 700 |
_aSaxena, Abhay (ed) _926890 |
||
| 700 |
_aNautiyal, Om Prakash (ed) _926882 |
||
| 700 |
_aRawat, Anita (ed) _926881 |
||
| 700 |
_aYadav, Bhanu Priya (ed) _926891 |
||
| 700 |
_aPatel, Chandrashekhar (ed) _926892 |
||
| 942 | _cBK | ||
| 999 |
_c60866 _d60866 |
||